| 000 | 00645nam a22001817a 4500 | ||
|---|---|---|---|
| 999 |
_c14407 _d14407 |
||
| 008 | 190917b ||||| |||| 00| 0 eng d | ||
| 082 |
_22019 _aDC 807.622 _bM929 |
||
| 100 |
_aMuntone, Stephanie _939719 |
||
| 245 |
_aSAT subject test : _bLiterature/ _cStephanie Muntone |
||
| 250 | _a4th ed. | ||
| 260 |
_aNew York: _b McGraw-Hill Education, _c©2019. |
||
| 300 |
_av, 319 pages; _b27 cm. |
||
| 440 |
_aMcGraw-Hill Education _939720 |
||
| 650 |
_aLiterature -- Examinations -- Study guides. _939721 |
||
| 650 |
_aLiterature -- Examinations, questions, etc. _939722 |
||
| 650 |
_aSAT (Educational test) -- Study guides. _939723 |
||
| 942 |
_2ddc _cDC |
||